إستكشاف الفضاء و إستغلال موارد الكون / (رقم التسجيلة. 10286)

تفاصيل مارك
000 -LEADER
fixed length control field 00685nam a22002177a 4500
005 - DATE AND TIME OF LATEST TRANSACTION
control field 20251108164348.0
008 - FIXED-LENGTH DATA ELEMENTS--GENERAL INFORMATION
fixed length control field 250721s1996 xx 000 0 ara d
082 14 - DEWEY DECIMAL CLASSIFICATION NUMBER
Classification number 629.4/هدا
100 1# - MAIN ENTRY--PERSONAL NAME
Personal name هدارة، سيد رمضان
245 10 - TITLE STATEMENT
Title إستكشاف الفضاء و إستغلال موارد الكون /
264 1# - PRODUCTION, PUBLICATION, DISTRIBUTION, MANUFACTURE, AND COPYRIGHT NOTICE
Place of production, publication, distribution, manufacture القاهرة :
Name of producer, publisher, distributor, manufacturer مركز الاهرام للترجمة،
Date of production, publication, distribution, manufacture, or copyright notice 1996.
300 ## - PHYSICAL DESCRIPTION
Extent 131ص
490 0# - SERIES STATEMENT
Series statement العلم و الحياة ؛3
500 ## - GENERAL NOTE
General note ا
650 17 - SUBJECT ADDED ENTRY--TOPICAL TERM
Topical term or geographic name as entry element الفضاء
650 17 - SUBJECT ADDED ENTRY--TOPICAL TERM
Topical term or geographic name as entry element إستكشاف الفضاء
650 17 - SUBJECT ADDED ENTRY--TOPICAL TERM
Topical term or geographic name as entry element الرحلات الفضائية
650 17 - SUBJECT ADDED ENTRY--TOPICAL TERM
Topical term or geographic name as entry element تكنولوجيا الفضاء
942 ## - ADDED ENTRY ELEMENTS (KOHA)
Source of classification or shelving scheme Dewey Decimal Classification
Koha item type كتب
المقتنيات
حالة السحب حالة الفقدان مصدر التصنيف حالة التلف غير قابل للإعارة المكتبة الرئيسية المكتبة الحالية موقع الرف تاريخ التزويد الرقم المتسلسل Total Checkouts رقم الإستدعاء الباركود تاريخ آخر ظهور تاريخ الفاتورة نوع المادة (كوها)
    Dewey Decimal Classification     المكتبة المركزية المكتبة المركزية الإعارة 06/07/2004 380973   629.4/هدا 380973 28/07/2025 06/07/2004 كتب
    Dewey Decimal Classification     مكتبةمؤتة مكتبةمؤتة الإعارة 06/07/2014 386488 ]]]   629.4/هدا PLD00333605 28/07/2025 06/07/2014 كتب
Implemented & Customized by: BBB with SCIT (Smart Chains for Information Technology)

Powered by Koha